Wissenschaftliche Zeitschrift der Martin-Luther-Universitèat Halle-Wittenberg. (رقم التسجيلة. 139618)

تفاصيل مارك
000 -LEADER
fixed length control field 01683cas a2200337 a 4500
008 - FIXED-LENGTH DATA ELEMENTS--GENERAL INFORMATION
fixed length control field 751101d19521965gw bx p 0 b0ger
010 ## - LIBRARY OF CONGRESS CONTROL NUMBER
LC control number sf 83008010
022 ## - INTERNATIONAL STANDARD SERIAL NUMBER
International Standard Serial Number 0138-1504
040 ## - CATALOGING SOURCE
Original cataloging agency DLC
Transcribing agency MnMULS
Modifying agency CtY
-- N
-- DLC
-- OCoLC
-- NST
-- NSDP
-- NST
-- InU
-- OCoLC
050 00 - LIBRARY OF CONGRESS CALL NUMBER
Classification number Q49
Item number .H35
092 04 - LOCALLY ASSIGNED DEWEY CALL NUMBER (OCLC)
Classification number 505
Item number W816
Edition number 21
099 ## - LOCAL FREE-TEXT CALL NUMBER (OCLC)
Classification number 04
-- 505 W816
210 0# - ABBREVIATED TITLE
Abbreviated title Wiss. Z. - Martin-Luther-Univ. Halle-Wittenb., Math.-nat.wiss. Reihe
222 #0 - KEY TITLE
Key title Wissenschaftliche Zeitschrift - Martin-Luther-Univ. Halle-Wittenberg. Mathematisch-naturwissenschaftliche Reihe
245 00 - TITLE STATEMENT
Title Wissenschaftliche Zeitschrift der Martin-Luther-Universitèat Halle-Wittenberg.
Name of part/section of a work Mathematisch-naturwissenschaftliche Reihe.
260 ## - PUBLICATION, DISTRIBUTION, ETC.
Place of publication, distribution, etc. Halle-Wittenberg :
Name of publisher, distributor, etc. Martin-Luther-Universitèat,
Date of publication, distribution, etc. [1952à]-1965.
300 ## - PHYSICAL DESCRIPTION
Extent v. :
Other physical details ill., maps (some col.) ;
Dimensions 30 cm.
310 ## - CURRENT PUBLICATION FREQUENCY
Current publication frequency Six no. a year
362 0# - DATES OF PUBLICATION AND/OR SEQUENTIAL DESIGNATION
Dates of publication and/or sequential designation Jahrg. 1, Heft 1/2 (1951/52)-Jahrg. 14, Heft 7.
336 ## - CONTENT TYPE
Content type term text
Source rda content
337 ## - MEDIA TYPE
Media type term Unmediated
Source rdamedia
338 ## - CARRIER TYPE
Carrier type term volume
Source rdacarrier
500 ## - GENERAL NOTE
General note Title from cover.
515 ## - NUMBERING PECULIARITIES NOTE
Numbering peculiarities note Vols. 1-2 numbered also in sequence with Wissenschaftliche Zeitschrift; gesellschafts- und sprachwissenschaftliche Reihe; i.e. v. 1, no. 1/2 is v. 1, no. 1/2 of the combined numbering, v. 2, no. 1-3 [etc.] are v. 2, no. 1, 4-5 [etc.] of the combined numbering.
650 #0 - SUBJECT ADDED ENTRY--TOPICAL TERM
Topical term or geographic name entry element Science
Form subdivision Periodicals.
710 2# - ADDED ENTRY--CORPORATE NAME
Corporate name or jurisdiction name as entry element Martin-Luther-Universitèat Halle-Wittenberg.
785 00 - SUCCEEDING ENTRY
Title Wissenschaftliche Zeitschrift (Martin-Luther-Universitèat Halle-Wittenberg). Mathematisch-naturwissenschaftliche Reihe
International Standard Serial Number 0138-1504
Record control number (DLC) 57035321
-- (OCoLC)8632732
905 ## - LOCAL DATA ELEMENT E, LDE (RLIN)
Cataloger Jamal
Reviser cat.
905 ## - LOCAL DATA ELEMENT E, LDE (RLIN)
Reviser Rev.
942 ## - ADDED ENTRY ELEMENTS (KOHA)
Source of classification or shelving scheme Dewey Decimal Classification
Koha item type Continuing Resources
Suppress in OPAC No
المقتنيات
Source of classification or shelving scheme Not for loan Home library Current library Date acquired Full call number Date last seen Koha item type
Dewey Decimal Classification   المكتبة المركزبة الجديدة - جامعة القاهرة قاعة الصحف والدوريات - الدور الثالث 11.02.2024 505 W816 23.09.2023 Continuing Resources
Cairo University Libraries Portal Implemented & Customized by: Eng. M. Mohamady Contacts: new-lib@cl.cu.edu.eg | cnul@cl.cu.edu.eg
CUCL logo CNUL logo
© All rights reserved — Cairo University Libraries
CUCL logo
Implemented & Customized by: Eng. M. Mohamady Contact: new-lib@cl.cu.edu.eg © All rights reserved — New Central Library
CNUL logo
Implemented & Customized by: Eng. M. Mohamady Contact: cnul@cl.cu.edu.eg © All rights reserved — Cairo National University Library